Państwa nieuznawane lub częściowo uznawane - Statystyki

Ogólne statystyki
  • Ten quiz został rozwiązany 1 424 razy
  • Średni wynik to 5 z 12
Statystyki odpowiedzi
Kontynent Państwo % Poprawnych
Europa Kosowo
86%
Europa Naddniestrze
63%
Azja Tajwan
56%
Azja Palestyna
48%
Europa Abchazja
45%
Europa Osetia Południowa
43%
Afryka Sahara Zachodnia
42%
Europa Cypr Północny
38%
Afryka Somaliland
37%
Azja Górski Karabach
29%
Europa Doniecka Republika Ludowa
17%
Europa Ługańska Republika Ludowa
17%
Nie znaleziono quizów pasujących do podanych kryteriów
Rozkład punktacji
Procent ludzi z każdym wynikiem
Percentyl według liczby udzielonych odpowiedzi
Twoja historia wyników
Nie rozwiązałeś tego quizu